Puzzle z obrazem państwa #2 - Statystyki

Ogólne statystyki
  • Ten quiz został rozwiązany 46 razy
  • Średni wynik to 12 z 17
Statystyki odpowiedzi
Wskazówka Odpowiedź % Poprawnych
Stolica Białorusi Mińsk
98%
Największe miasto hazardu w USA Las Vegas
95%
Najdłuższa rzeka w Europie Wołga
93%
Kraj o najdłuższej linii brzegowej Kanada
88%
Stolica Katalonii Barcelona
85%
Miasto z najsłynniejszym Placem Czerwonym Moskwa
80%
Nazwa kraju, kanału i kapelusza Panama
78%
UKRYTE PAŃSTWO Peru
78%
Wulkan 9 km na wschód od Neapolu Wezuwiusz
78%
Słone morze na głębokości 429 metrów poniżej poziomu morza Morze Martwe
76%
Największe jezioro w Afryce pod względem powierzchni Jezioro Wiktorii
73%
Miasto dawniej znane jako Bombaj Mumbaj
63%
Kraj, z którego pochodzą Maorysi Nowa Zelandia
56%
Miasto zbudowane na ruinach Tenochtitlan Meksyk
46%
Góra z głowami czterech prezydentów USA Mount Rushmore
46%
Odpowiednik powyższego w Chinach Makau
32%
Technicznie rzecz biorąc, Big Ben jest tego typu obiektem Dzwon
24%
Nie znaleziono quizów pasujących do podanych kryteriów
Rozkład punktacji
Procent ludzi z każdym wynikiem
Percentyl według liczby udzielonych odpowiedzi
Twoja historia wyników
Nie rozwiązałeś tego quizu